Регионална библиотека "Любен Каравелов" - Русе

България в Европейския съюз - мерки за сближаване (Запис номер 79003)

MARC детайли
000 -Лидер
Контролно поле с фиксирана дължина 02402nam a2200529 c 4500
003 - Код на организацията, давaща контролен номер
Контролно поле BLK
005 - Дата и час на последна редакция
Контролно поле 20200609091307.0
008 - Елементи от данни с фиксирана дължина
fixed length control field 180408b bul|||||r ||||||| ||bul||
010 ## - Наследен системен номер
LC control number KNG00083471000
020 ## - Международен стандартен номер на книга ISBN
Международен стандартен номер на книга ISBN 978-954-616-182-6
-- издат.: ГорексПрес
040 ## - Източник на каталожния запис
Идентификатор на билиотеката - собственик на записа BLK
041 ## - Код за език
Код за езика на текст/звукозапис или на отделно заглавие Български
Код за езика КДБФ Български
072 #7 - Код за тематичната категория
Код организация bullib
Код за тематична категория Е
Текст Картотека "Европейски съюз"
080 ## - УДК
Текстов определител УДК Европейски съюз (икон. аспекти)
УДК код - определител по УДК 339.923:061.1ЕС
УДК определител
УДК - код + определител 339.923:061.1ЕС
080 ## - УДК
Текстов определител УДК Европейски съюз - политически аспекти
УДК код - определител по УДК 327.7:061.1ЕС
УДК определител
УДК - код + определител 327.7:061.1ЕС
139 ## - Редно поле
Редна дума България в Европейския съюз - мерки за сближаване
Авторски знак Бъл - Б 92
245 10 - Сведения за заглавието
Заглавие България в Европейския съюз - мерки за сближаване
Подзаглавни данни Дискусионен форум Бъдещи лидери
Редно поле (дума) състав. Емил Костадинов; състав. Пенчо Хубчев.
246 11 - Различни форми на заглавието
Паралелно заглавие Bulgarien in der Europaischen Union - massnahmen zur annaherung
257 ## - Страна на издаване
Страна на създаване/издаване България
260 ## - Област на издателските данни
-- София
Име на издателя, разпространителя и проч. ГорексПрес
Година на издаване 2007
300 ## - Физическа характеристика
Страници 180 с.
Илюстрации и др. с табл.
Размери/Мащаб 20 см
380 ## - Жанр
Жанр Обществени науки
500 ## - Общи забележки
Забележка Изд. на Фонд. Фридрих Еберт ; Инст. за полит. и правни изследвания
650 #4 - Допълнително описание по предмет – тема
Основно описание – тема или топоним България и Европейски съюз
9 (RLIN) 257539
650 #4 - Допълнително описание по предмет – тема
Основно описание – тема или топоним Европейски съюз - програми
9 (RLIN) 274379
650 #4 - Допълнително описание по предмет – тема
Основно описание – тема или топоним Европейска безопасност
9 (RLIN) 281947
651 #4 - Допълнително описание по предмет - топоним
Географско понятие България
9 (RLIN) 241624
651 #4 - Допълнително описание по предмет - топоним
Географско понятие Европейски съюз
9 (RLIN) 258188
653 ## - Ключова дума – ненормативна
Ключова дума европейски програми и проекти
653 ## - Ключова дума – ненормативна
Ключова дума оперативни програми
653 ## - Ключова дума – ненормативна
Ключова дума Структурни фондове
653 ## - Ключова дума – ненормативна
Ключова дума регионално развитие
653 ## - Ключова дума – ненормативна
Ключова дума околна среда
653 ## - Ключова дума – ненормативна
Ключова дума корупция
653 ## - Ключова дума – ненормативна
Ключова дума организирана престъпност
653 ## - Ключова дума – ненормативна
Ключова дума здравеопазване
653 ## - Ключова дума – ненормативна
Ключова дума България
653 ## - Ключова дума – ненормативна
Ключова дума Европейски съюз
659 ## - Тематичен бюлетин
Тематичен бюлетин Е
700 1# - Други автори (авторска отговорност)
Лично име Костадинов, Емил
Автороска отговорност (Описва отношението между автора и произведението) състав.
9 (RLIN) 298987
700 1# - Други автори (авторска отговорност)
Лично име Хубчев, Пенчо
Автороска отговорност (Описва отношението между автора и произведението) състав.
9 (RLIN) 371032
852 ## - Местоположение
Форматна сигнатура Цб 239836
856 4# - Електронен адрес и достъп
Електронен формат pdf - файл
Път до файла /url/
856 4# - Електронен адрес и достъп
Електронен формат pdf - файл
Път до файла /url/
942 ## - АРТИКУЛИ
Вид на библиотечния материал Книги
Скрит в OPAC Не
Koha issues (borrowed), all copies 2
944 ## - СЪЗДАВАНЕ И РЕДАКЦИЯ на ЗАПИСА
Създаване/Редакция Създаване
Дата на регистрацията/редакция 23.04.2008
Служител, извършил регистрацията/редакцията Людмила_Стоянова
944 ## - СЪЗДАВАНЕ И РЕДАКЦИЯ на ЗАПИСА
Създаване/Редакция Редакция
Дата на регистрацията/редакция 22.07.2008
Служител, извършил регистрацията/редакцията
999 ## - СИСТЕМНИ КОНТРОЛНИ НОМЕРА
Koha biblionumber 79003
Koha biblioitemnumber 79003
Наличности
Код за отписване Код за изгубен артикул Код за повреда Коз за рестрикции Код за отдаване Артикулен № Име на библиотеката - собственик Име на библиотеката, в която се намира в момента Статус (Текущо местоположение) Дата на вписване в системата Местоположение - отдел Цена в лева Инвентарен номер Систематично азбучна сигнатура Баркод Номер на екземпляра Цена в евро Служебна бележка Служебен тип на артикула
  Не е изгубен Не е повреден без рестрикции заемане за дома 127785 Регионална библиотека "Любен Каравелов" Русе Регионална библиотека "Любен Каравелов" Русе Заемна - подръчен фонд 2008-04-22 Заемна - подръчен фонд 5.00 120000725910 П 339.9/Б 92 120000725910 1 2.56 Дост: DA Вид: А N: 7 Дата: 22.04.2008 Дата инв: 05.02.2018 Бележки инв: П2018 Книги
  Не е изгубен Не е повреден без рестрикции заемане за дома 127786 Регионална библиотека "Любен Каравелов" Русе Регионална библиотека "Любен Каравелов" Русе Заемна - подръчен фонд 2008-04-22 Заемна - подръчен фонд 5.00 120000725911 П 339.9/Б 92 120000725911 2 2.56 Дост: DA Вид: А N: 7 Дата: 22.04.2008 Дата инв: 05.02.2018 Бележки инв: П2018 Книги
  Не е изгубен Не е повреден без рестрикции ползва се в читалня 127787 Регионална библиотека "Любен Каравелов" Русе Регионална библиотека "Любен Каравелов" Русе Хранилище 2008-06-10 Хранилище 5.00 120000726973 Цб 239836 120000726973 3 2.56 Дост: Dp Вид: Д N: 18 Дата: 03.04.2008 Книги
Vip Innovations Ltd, Rousse, Bulgaria 2025